00269nam a2200109Ia 4500008004100000100002300041245002700064250001200091260003000103300000800133650001800141191201s2005 xx 000 0 und d aPh, D, David Gamon 0aBuilding Mental Muscle a1st Rep aN.DelhibViva Booksc2005 a320 aGeneral Books